000 00678nam a2200289Ia 4500
005 20260324142040.0
008 008 260324s9999 xx 000 0 eng d
020 _a9781315538853
037 _aEBOOK
040 _aCRL
040 _beng
040 _cCRL
041 _2eng
041 _aeng
084 _qCRL
100 _aKarin Martin
_91210492
245 0 _aPuberty, Sexuality and the Self
245 0 _bGirls and Boys at Adolescence
260 _bTaylor and Francis
260 _c1996
365 _a
365 _b185
856 _uhttp://www.taylorfrancis.com/books/9781315538853
942 _cEBOOK
999 _c1814239
_d1814239